000 00280nam a22001337a 4500
008 170627b xxu||||| |||| 00| 0 eng d
020 _a0893564613
041 _aeng
080 _a82
100 _a21
101 _aGJL
245 _aMASTERPLOTS II
_cMAGILL,F.N
942 _2udc
_cBK
999 _c19174
_d19174